000 00384nam a2200157Ia 4500
008 230711s9999||||xx |||||||||||||| ||und||
041 _aENG
082 _a621.381
_bSI-E
100 _aSinclair,Ian R
245 0 _aElectronic power supply handbook
250 _a1st
260 _c1990
_aNew Delhi
_bBPB Publications
300 _a135
650 _aElectrical Engineering
942 _cBK
999 _c1841
_d1841